[Event "Krajský pøebor jednotlivcù KHŠS 2014"]
[Site "Janske Lazne"]
[Date "2014.05.06"]
[Round "1.1"]
[White "Vojta, Tomas"]
[Black "Sedivy, Martin"]
[Result "1-0"]
[WhiteElo "2361"]
[BlackElo "1963"]
[PlyCount "27"]
[EventDate "2014.05.06"]

1. e4 e6 2. Qe2 b6 3. f4 Be7 4. Nf3 Ba6 5. d3 c5 6. g3 Nc6 7. Bg2 Qc7 8. Be3
Nf6 9. e5 Ng4 10. Bg1 h5 11. Nc3 d5 12. exd6 Bxd6 13. Ng5 O-O 14. Qe4 1-0

[Event "Krajský pøebor jednotlivcù KHŠS 2014"]
[Site "Janske Lazne"]
[Date "2014.05.06"]
[Round "1.2"]
[White "Bradac, Daniel"]
[Black "Juptner, Jan"]
[Result "0-1"]
[WhiteElo "1947"]
[BlackElo "2351"]
[PlyCount "126"]
[EventDate "2014.05.06"]

1. e4 c5 2. Nf3 d6 3. d3 Nc6 4. g3 g6 5. Bg2 Bg7 6. O-O Nf6 7. Nbd2 O-O 8. c3
e5 9. Nc4 h6 10. Ne3 Re8 11. Nh4 Be6 12. Qe1 d5 13. f4 exf4 14. gxf4 d4 15. f5
Bc8 16. fxg6 dxe3 17. gxf7+ Kxf7 18. Bxe3 Kg8 19. Qg3 Ng4 20. Bf4 Nce5 21. Rad1
Bf6 22. Nf3 Kh7 23. h3 Nxf3+ 24. Qxf3 Ne5 25. Qh5 Bg7 26. d4 cxd4 27. cxd4 Ng6
28. Bxh6 Qh4 29. Qxh4 Nxh4 30. Bxg7 Kxg7 31. Rf4 Nxg2 32. Kxg2 Bd7 33. Kf3 Re6
34. d5 Rg6 35. e5 Bxh3 36. Ke4 Rd8 37. d6 Bg2+ 38. Kd4 Bc6 39. Rdf1 Rg2 40.
R1f2 Rg1 41. Kc5 Re8 42. Re2 Rc1+ 43. Kd4 Rd1+ 44. Kc5 Rd5+ 45. Kc4 Rexe5 46.
Rxe5 Rxe5 47. Rd4 Bd7 48. Rf4 Be6+ 49. Kc3 Rc5+ 50. Kb4 Rd5 51. a4 a5+ 52. Kc3
Rxd6 53. b4 Rc6+ 54. Kb2 Rb6 55. Ka3 Kg6 56. b5 Rd6 57. Rf8 b6 58. Rf2 Bf5 59.
Kb3 Kf6 60. Kc4 Ke5 61. Re2+ Be4 62. Rh2 Rg6 63. Rh8 Bd5+ 0-1

[Event "Krajský pøebor jednotlivcù KHŠS 2014"]
[Site "Janske Lazne"]
[Date "2014.05.06"]
[Round "1.3"]
[White "Karlik, Vladimir"]
[Black "Peroutka, Ivo"]
[Result "1-0"]
[WhiteElo "2271"]
[BlackElo "1938"]
[PlyCount "89"]
[EventDate "2014.05.06"]

1. d4 d5 2. Bf4 Bf5 3. c4 e6 4. Nc3 c6 5. Nf3 Nf6 6. e3 Nbd7 7. Qb3 Qb6 8. c5
Qxb3 9. axb3 Be7 10. h3 h6 11. b4 O-O 12. b5 cxb5 13. Bxb5 a6 14. Be2 Rfc8 15.
O-O Bd8 16. b4 g5 17. Bg3 Kf8 18. Nd2 Ke8 19. b5 a5 20. b6 Nxb6 21. Nb5 Nc4 22.
Bxc4 dxc4 23. Nd6+ Kd7 24. N2xc4 a4 25. Nxc8 Kxc8 26. Nd6+ Kd7 27. Nxf5 exf5
28. Rfb1 Kc6 29. Rb4 Nd5 30. Rbxa4 Rxa4 31. Rxa4 f4 32. Bh2 Bc7 33. exf4 Nc3
34. Ra8 Ne2+ 35. Kf1 Nxd4 36. fxg5 Bxh2 37. gxh6 Be5 38. h7 Kxc5 39. h8=Q Bxh8
40. Rxh8 b5 41. Ke1 Kc4 42. Kd2 Kb3 43. h4 b4 44. h5 Kb2 45. h6 1-0

[Event "Krajský pøebor jednotlivcù KHŠS 2014"]
[Site "Janske Lazne"]
[Date "2014.05.06"]
[Round "1.4"]
[White "Rojikova, Lenka"]
[Black "Jedlicka, Lubos"]
[Result "1/2-1/2"]
[WhiteElo "1935"]
[BlackElo "2230"]
[PlyCount "43"]
[EventDate "2014.05.06"]

1. e4 c5 2. Nf3 g6 3. d4 cxd4 4. Nxd4 Bg7 5. c4 Nc6 6. Nc2 Qb6 7. Nc3 Bxc3+ 8.
bxc3 Nf6 9. f3 Qa5 10. Bd2 d6 11. Ne3 Be6 12. Qb3 b6 13. Nd5 Rc8 14. Be2 Ne5
15. Rc1 Qc5 16. Be3 Qc6 17. Qb5 Nfd7 18. Nb4 Qb7 19. Nd5 Qc6 20. Nb4 Qc7 21.
Nd5 Qc6 22. Nb4 1/2-1/2

[Event "Krajský pøebor jednotlivcù KHŠS 2014"]
[Site "Janske Lazne"]
[Date "2014.05.06"]
[Round "1.5"]
[White "Tazlar, Petr"]
[Black "Plchot, Miroslav"]
[Result "1-0"]
[WhiteElo "2200"]
[BlackElo "1932"]
[PlyCount "77"]
[EventDate "2014.05.06"]

1. d4 Nf6 2. Nf3 c5 3. c4 e6 4. Nc3 d5 5. cxd5 exd5 6. Bg5 Be6 7. e3 Nc6 8. Bb5
a6 9. Bxc6+ bxc6 10. Qa4 Qb6 11. O-O h6 12. Bxf6 gxf6 13. dxc5 Bxc5 14. Qf4 Qd8
15. Nd4 Bxd4 16. exd4 Ke7 17. Na4 Rg8 18. Rfe1 h5 19. Nc5 Rg7 20. Re2 Qd6 21.
Qxd6+ Kxd6 22. Rae1 Bd7 23. Re7 Ra7 24. f3 h4 25. Kf2 a5 26. b3 Rh7 27. R7e3
Bf5 28. Re8 Be6 29. Nxe6 fxe6 30. R8xe6+ Kd7 31. Rxf6 a4 32. b4 a3 33. Rb1 Ra4
34. Rb3 Rh8 35. Rf7+ Kd6 36. Rb7 Raa8 37. Re3 Rab8 38. Rxb8 Rxb8 39. Rb3 1-0

[Event "Krajský pøebor jednotlivcù KHŠS 2014"]
[Site "Janske Lazne"]
[Date "2014.05.06"]
[Round "1.6"]
[White "Stanek, Petr"]
[Black "Moravec, Vit"]
[Result "0-1"]
[WhiteElo "1911"]
[BlackElo "2177"]
[PlyCount "134"]
[EventDate "2014.05.06"]

1. e4 c5 2. Nf3 d6 3. d4 cxd4 4. Nxd4 Nf6 5. Nc3 g6 6. Be2 Bg7 7. Be3 O-O 8.
O-O Nc6 9. Kh1 Bd7 10. f4 Qc8 11. Nxc6 bxc6 12. Qd2 Qb7 13. Rab1 Rfd8 14. f5
Qb4 15. a3 Qa5 16. g4 Be8 17. g5 Nd7 18. Bd4 Bxd4 19. Qxd4 Qe5 20. Qxe5 Nxe5
21. Rbd1 Rab8 22. b3 d5 23. f6 exf6 24. Rxf6 d4 25. Na4 d3 26. cxd3 Rxb3 27. d4
Re3 28. dxe5 Rxd1+ 29. Bxd1 Re1+ 30. Kg2 Rxd1 31. Rd6 Rc1 32. Rd3 Rc2+ 33. Kg3
Rc4 34. Nc3 Kf8 35. Kf4 Ke7 36. h4 Bd7 37. Kg3 Rc5 38. Kf4 Ra5 39. Ne2 Be6 40.
Nd4 Ra6 41. Rc3 Bd7 42. Nc2 Rb6 43. Nb4 a5 44. Nd3 Rb1 45. Nf2 Rf1 46. Kg3 Rg1+
47. Kf3 Ra1 48. Kg3 a4 49. Kg2 Ra2 50. Kf3 Rb2 51. Ke3 c5 52. Kf3 Rb3 53. Nd1
Bb5 54. Ke3 Ke6 55. Kd2 Rxc3 56. Nxc3 Bc6 57. Kd3 Kxe5 58. Kc4 Bxe4 59. Nxe4
Kxe4 60. Kxc5 Ke5 61. Kb4 f5 62. gxf6 Kxf6 63. Kxa4 h5 64. Kb5 g5 65. hxg5+
Kxg5 66. a4 h4 67. a5 h3 0-1

[Event "Krajský pøebor jednotlivcù KHŠS 2014"]
[Site "Janske Lazne"]
[Date "2014.05.06"]
[Round "1.7"]
[White "Skrivanek, Jan"]
[Black "Kotyza, Bohumil"]
[Result "1-0"]
[WhiteElo "2168"]
[BlackElo "1905"]
[PlyCount "23"]
[EventDate "2014.05.06"]

1. Nf3 d5 2. g3 c6 3. Bg2 Nf6 4. c4 Qc7 5. d4 Bf5 6. O-O Nbd7 7. cxd5 cxd5 8.
Nc3 e6 9. Bf4 Qa5 10. Qb3 Qb4 11. Nb5 Qxb3 12. axb3 1-0

[Event "Krajský pøebor jednotlivcù KHŠS 2014"]
[Site "Janske Lazne"]
[Date "2014.05.06"]
[Round "1.8"]
[White "Peniska, Pavel"]
[Black "Haman, Jakub"]
[Result "0-1"]
[WhiteElo "1905"]
[BlackElo "2151"]
[PlyCount "142"]
[EventDate "2014.05.06"]

1. e4 c5 2. Nc3 Nc6 3. g3 g6 4. Bg2 Bg7 5. f4 d6 6. Nf3 e6 7. d3 Nge7 8. O-O
O-O 9. Ne2 d5 10. c3 b5 11. Be3 d4 12. cxd4 cxd4 13. Bf2 Ba6 14. Qd2 Qb6 15. b4
Bb7 16. a4 bxa4 17. Rxa4 Ba6 18. Rfa1 Bb5 19. R4a3 Rac8 20. g4 Rfd8 21. Ng3 Bh6
22. g5 Bf8 23. Qb2 Bg7 24. h4 Qb8 25. Ne2 a6 26. Be1 Qb6 27. Bh3 Rd7 28. Ng3
Qc7 29. Ne2 Qd8 30. Bd2 Rdc7 31. Rc1 Rb8 32. Qb3 Rb6 33. Ra2 e5 34. Rac2 Rbb7
35. Rc5 Qd6 36. Kg2 Ra7 37. Qc2 Rd7 38. Bxd7 Qxd7 39. Kg3 Qe6 40. fxe5 Bxe5+
41. Nxe5 Nxe5 42. Rxe5 Qxe5+ 43. Bf4 Qg7 44. Qc5 Rd7 45. Be5 Qf8 46. Nxd4 Bxd3
47. Re1 Nc8 48. Qc3 Qe8 49. Nc6 Bb5 50. Bd4 Rc7 51. Bh8 f6 52. Qxf6 Qxc6 53.
Qd8+ Kf7 54. Be5 Re7 55. Qh8 Qe6 56. Qxh7+ Ke8 57. Qh8+ Kd7 58. Rd1+ Kc6 59.
Rc1+ Kb7 60. Bf6 Rc7 61. Rxc7+ Kxc7 62. Qd8+ Kb7 63. Bd4 Qxe4 64. Qf6 Qd3+ 65.
Kf4 Qf1+ 66. Ke5 Qxf6+ 67. Kxf6 Bd3 68. h5 gxh5 69. g6 h4 70. g7 Bc4 71. Kg5
Nd6 0-1

[Event "Krajský pøebor jednotlivcù KHŠS 2014"]
[Site "Janske Lazne"]
[Date "2014.05.06"]
[Round "1.9"]
[White "Valenta, Vit"]
[Black "Dungl, Petr"]
[Result "1-0"]
[WhiteElo "2137"]
[BlackElo "1889"]
[PlyCount "71"]
[EventDate "2014.05.06"]

1. e4 c5 2. Nc3 Nc6 3. Bc4 e6 4. f4 a6 5. a4 d6 6. Nf3 Nf6 7. Ba2 d5 8. e5 d4
9. exf6 dxc3 10. fxg7 cxd2+ 11. Qxd2 Qxd2+ 12. Bxd2 Bxg7 13. O-O-O b5 14. f5 c4
15. fxe6 Bxe6 16. Ng5 c3 17. Bxc3 Bxc3 18. Nxe6 Bxb2+ 19. Kxb2 fxe6 20. Rd6 Nd8
21. axb5 axb5 22. Rb6 O-O 23. Rxb5 Rf2 24. g4 Kg7 25. h4 Rc8 26. Bb3 Rc7 27.
Re1 h6 28. g5 hxg5 29. Rxg5+ Kh7 30. Reg1 Rf5 31. Rg8 Nc6 32. R8g4 Na5 33. Bxe6
Rb5+ 34. Kc1 Nb3+ 35. Bxb3 Rxb3 36. Rg7+ 1-0

[Event "Krajský pøebor jednotlivcù KHŠS 2014"]
[Site "Janske Lazne"]
[Date "2014.05.06"]
[Round "1.10"]
[White "Havelka, Petr"]
[Black "Cap, Adam"]
[Result "1/2-1/2"]
[WhiteElo "1871"]
[BlackElo "2134"]
[PlyCount "43"]
[EventDate "2014.05.06"]

1. d4 Nf6 2. c4 g6 3. Nc3 Bg7 4. Nf3 O-O 5. e4 d6 6. Be2 e5 7. d5 Nbd7 8. Qc2
h6 9. h3 Nh5 10. g3 a5 11. Nh4 Nf4 12. Bf1 Nc5 13. Be3 c6 14. Bxc5 dxc5 15.
O-O-O cxd5 16. cxd5 Bd7 17. Bb5 c4 18. gxf4 Bxb5 19. Nf3 Bd7 20. Nxe5 Bxe5 21.
fxe5 Qg5+ 22. Qd2 1/2-1/2

[Event "Krajský pøebor jednotlivcù KHŠS 2014"]
[Site "Janske Lazne"]
[Date "2014.05.06"]
[Round "1.11"]
[White "Kaderabek, Jiri"]
[Black "Neubauer, Vilem"]
[Result "1-0"]
[WhiteElo "2123"]
[BlackElo "1840"]
[PlyCount "105"]
[EventDate "2014.05.06"]

1. e4 g6 2. d4 Bg7 3. Nf3 d6 4. h3 Nf6 5. Nc3 O-O 6. Be2 Nc6 7. Be3 e5 8. O-O
Nh5 9. dxe5 dxe5 10. Qxd8 Nxd8 11. Nd5 Ne6 12. Ng5 Nxg5 13. Bxg5 c6 14. Ne7+
Kh8 15. Bxh5 gxh5 16. Nxc8 Raxc8 17. Rfd1 f5 18. Rd7 h6 19. Be3 a6 20. Rad1 c5
21. exf5 Rxf5 22. Rxb7 Rf6 23. Rbd7 c4 24. Rd8+ Rf8 25. R8d6 Kh7 26. Rxa6 Rfd8
27. Rad6 Rxd6 28. Rxd6 Ra8 29. Rc6 Rxa2 30. Rxc4 Rxb2 31. Kf1 Rb7 32. Ke2 Rd7
33. Rc6 Rf7 34. c4 Rb7 35. Kf3 Rd7 36. h4 Rb7 37. Ke4 Rb4 38. g3 Rb1 39. Rb6
Ra1 40. Re6 Ra2 41. c5 Ra8 42. c6 Rc8 43. Kd5 Rd8+ 44. Rd6 Rc8 45. Rd7 Kg6 46.
c7 e4 47. Kd6 Be5+ 48. Kc6 Bxc7 49. Rxc7 Ra8 50. Kd5 Re8 51. Rc5 Kf5 52. Kd4+
Kg4 53. Kc3 1-0

[Event "Krajský pøebor jednotlivcù KHŠS 2014"]
[Site "Janske Lazne"]
[Date "2014.05.06"]
[Round "1.12"]
[White "Ruzickova, Radka"]
[Black "Safarik, Jakub"]
[Result "0-1"]
[WhiteElo "1820"]
[BlackElo "2112"]
[PlyCount "58"]
[EventDate "2014.05.06"]

1. e4 e6 2. d4 d5 3. Nc3 Nf6 4. e5 Nfd7 5. f4 c5 6. Nf3 Nc6 7. Ne2 b5 8. c3 a5
9. a3 Qb6 10. Be3 Ba6 11. dxc5 Bxc5 12. Bxc5 Nxc5 13. Ned4 O-O 14. Nxc6 Qxc6
15. Nd4 Qb6 16. Be2 b4 17. axb4 axb4 18. Bxa6 Rxa6 19. O-O Rxa1 20. Qxa1 bxc3
21. bxc3 Ne4 22. Rc1 Rc8 23. Kf1 h6 24. Ke2 Kh7 25. Kd3 Qc5 26. c4 Qb4 27. Qa2
Ra8 28. Qc2 Ra3+ 29. Ke2 Rc3 0-1

[Event "Krajský pøebor jednotlivcù KHŠS 2014"]
[Site "Janske Lazne"]
[Date "2014.05.06"]
[Round "1.13"]
[White "Kozusek, Daniel"]
[Black "Portych, Vaclav"]
[Result "1-0"]
[WhiteElo "2084"]
[BlackElo "1818"]
[PlyCount "115"]
[EventDate "2014.05.06"]

1. d4 Nf6 2. c4 e6 3. Nf3 b6 4. Nc3 Bb4 5. Qc2 Bb7 6. e3 d5 7. cxd5 Nxd5 8. e4
Nxc3 9. bxc3 Be7 10. Bd3 h6 11. O-O O-O 12. Rd1 c5 13. d5 exd5 14. exd5 Nd7 15.
Bf4 Bf6 16. a4 Re8 17. a5 Ne5 18. Nxe5 Bxe5 19. Bxe5 Rxe5 20. a6 Bc8 21. f4 Re8
22. Re1 Bd7 23. Bf5 Qc8 24. Bxd7 Qxd7 25. c4 Re7 26. Rxe7 Qxe7 27. Qc3 Re8 28.
Rd1 Qh4 29. g3 Qg4 30. Qd3 Qg6 31. Qxg6 fxg6 32. d6 Kf7 33. d7 Rd8 34. Rd6 g5
35. f5 Ke7 36. Rg6 Kf7 37. Rc6 Rxd7 38. Rc8 Ke7 39. Rg8 Kd6 40. g4 Kc6 41. Kf2
Rc7 42. Rb8 Rd7 43. Rf8 Rd6 44. Rc8+ Kd7 45. Rg8 Kc6 46. Rxg7 b5 47. cxb5+ Kxb5
48. Rxa7 c4 49. Ke3 Kb6 50. Rg7 Rd8 51. Rb7+ Kc6 52. f6 c3 53. Rb3 Kd6 54. Rxc3
Ra8 55. f7 Kd7 56. a7 Ke6 57. Rc7 Kd6 58. Rb7 1-0

[Event "Krajský pøebor jednotlivcù KHŠS 2014"]
[Site "Janske Lazne"]
[Date "2014.05.06"]
[Round "1.14"]
[White "Laloucek, Miroslav"]
[Black "Pychova, Nela"]
[Result "1/2-1/2"]
[WhiteElo "1812"]
[BlackElo "2034"]
[PlyCount "77"]
[EventDate "2014.05.06"]

1. Nf3 d5 2. b3 Nf6 3. Bb2 e6 4. e3 Bd6 5. d4 Nbd7 6. Nbd2 O-O 7. Bd3 b6 8. O-O
Bb7 9. c4 Ne4 10. Qc2 Ndf6 11. Ne5 Nxd2 12. Qxd2 Ne4 13. Qe2 f6 14. f3 fxe5 15.
fxe4 dxe4 16. Bc2 Qg5 17. Rad1 Rad8 18. Rxf8+ Rxf8 19. dxe5 Bxe5 20. Bxe5 Qxe5
21. Rd7 Bc6 22. Rd4 Qf5 23. b4 e5 24. Rd1 Be8 25. Rf1 Qxf1+ 26. Qxf1 Rxf1+ 27.
Kxf1 Bf7 28. Bb3 Kf8 29. Ke2 Ke7 30. Kd2 Kd7 31. Kc3 Kc6 32. Ba4+ Kd6 33. a3 c5
34. Bc2 Bg6 35. Bd1 Kc6 36. Bg4 Kd6 37. Bc8 Bf7 38. Bb7 Bg6 39. Bd5 1/2-1/2

[Event "Krajský pøebor jednotlivcù KHŠS 2014"]
[Site "Janske Lazne"]
[Date "2014.05.06"]
[Round "1.15"]
[White "Framberk, Jan"]
[Black "Martinovsky, Miroslav"]
[Result "1/2-1/2"]
[WhiteElo "2032"]
[BlackElo "1812"]
[PlyCount "104"]
[EventDate "2014.05.06"]

1. e4 c6 2. d4 d5 3. Nc3 dxe4 4. Nxe4 Bf5 5. Ng3 Bg6 6. Nf3 Nd7 7. h4 h6 8. h5
Bh7 9. Bd3 Bxd3 10. Qxd3 Qc7 11. Bd2 Ngf6 12. O-O-O e6 13. c4 O-O-O 14. Kb1 Bd6
15. Ne4 Nxe4 16. Qxe4 Nf6 17. Qe2 Rhe8 18. Ne5 c5 19. Bc3 cxd4 20. Bxd4 Bxe5
21. Bxe5 Qc5 22. f4 Rxd1+ 23. Rxd1 Rd8 24. Rxd8+ Kxd8 25. g4 Qg1+ 26. Kc2 Nxg4
27. Bxg7 Ne3+ 28. Kb3 Nf5 29. Bf6+ Kc8 30. Qd3 Qb6+ 31. Kc3 Qa5+ 32. Kc2 Qa4+
33. Kc1 Qa5 34. b4 Qc7 35. Kc2 b6 36. Qe4 Kd7 37. Kc3 Qc6 38. Qd3+ Qd6 39.
Qxd6+ Kxd6 40. Be5+ Kc6 41. b5+ Kb7 42. Kd3 a6 43. bxa6+ Kxa6 44. Kc3 Kb7 45.
Kb4 Kc6 46. a3 Ng3 47. Bg7 Nxh5 48. Bxh6 f6 49. a4 e5 50. fxe5 fxe5 51. Kc3 Nf6
52. Kd3 Nd7 1/2-1/2

[Event "Krajský pøebor jednotlivcù KHŠS 2014"]
[Site "Janske Lazne"]
[Date "2014.05.06"]
[Round "1.16"]
[White "Jina, Lubos"]
[Black "Vavrinec, Tomas"]
[Result "1-0"]
[WhiteElo "1809"]
[BlackElo "2025"]
[PlyCount "79"]
[EventDate "2014.05.06"]

1. d4 Nf6 2. Nf3 c5 3. e3 g6 4. Be2 Bg7 5. O-O O-O 6. Nbd2 b6 7. dxc5 bxc5 8.
c4 Nc6 9. Rb1 d6 10. e4 Bb7 11. Ne1 Nd4 12. Bd3 a5 13. Nef3 Nc6 14. a3 a4 15.
Re1 Qd7 16. Bc2 Ne5 17. Nxe5 dxe5 18. Qe2 Nh5 19. Qe3 Qc6 20. b4 cxb4 21. axb4
Nf4 22. b5 Qf6 23. c5 Bh6 24. Qa3 Rfd8 25. Nc4 Rd4 26. Nb6 Rad8 27. c6 Ne2+ 28.
Kf1 Nxc1 29. Nd5 Qh4 30. cxb7 Qxh2 31. Nxe7+ Kg7 32. Qh3 Qf4 33. Nc6 Rd2 34.
Qg3 Rxf2+ 35. Qxf2 Qh2 36. Rbxc1 Rd2 37. Re2 Rxe2 38. Kxe2 Bxc1 39. b8=Q Qh5+
40. Qf3 1-0

[Event "Krajský pøebor jednotlivcù KHŠS 2014"]
[Site "Janske Lazne"]
[Date "2014.05.06"]
[Round "1.17"]
[White "Kucera, Tomas"]
[Black "Vystrcil, Martin"]
[Result "1/2-1/2"]
[WhiteElo "2024"]
[BlackElo "1794"]
[PlyCount "32"]
[EventDate "2014.05.06"]

1. e4 Nf6 2. Nc3 d5 3. e5 Nfd7 4. e6 fxe6 5. d4 c5 6. Bd3 g6 7. dxc5 Nxc5 8.
Bb5+ Ncd7 9. Qd4 Rg8 10. Nf3 Bg7 11. Qh4 h5 12. O-O a6 13. Bd3 Bf6 14. Qg3 Nf8
15. Bh6 Bd7 16. Rfe1 Qb6 1/2-1/2

[Event "Krajský pøebor jednotlivcù KHŠS 2014"]
[Site "Janske Lazne"]
[Date "2014.05.06"]
[Round "1.18"]
[White "Mares, Ilja"]
[Black "Pavlicek, Miroslav"]
[Result "0-1"]
[WhiteElo "1786"]
[BlackElo "2022"]
[PlyCount "64"]
[EventDate "2014.05.06"]

1. Nf3 d5 2. g3 g6 3. Bg2 Bg7 4. O-O c5 5. d3 Nc6 6. e4 dxe4 7. dxe4 Qxd1 8.
Rxd1 Bg4 9. c3 Ne5 10. Nbd2 O-O-O 11. Re1 Nd3 12. Rf1 Bh6 13. Rd1 Bxf3 14. Nxf3
Nxc1 15. Raxc1 Bxc1 16. Rxc1 e6 17. Kf1 Ne7 18. Ke2 h6 19. Ne5 Rhf8 20. Rd1
Rxd1 21. Kxd1 f6 22. Nc4 Rd8+ 23. Ke2 b5 24. Ne3 h5 25. h4 Rd6 26. f4 b4 27.
cxb4 cxb4 28. Nc2 Rb6 29. Nd4 Ra6 30. Bh3 f5 31. Kd3 Kd7 32. e5 Rxa2 0-1

[Event "Krajský pøebor jednotlivcù KHŠS 2014"]
[Site "Janske Lazne"]
[Date "2014.05.06"]
[Round "1.19"]
[White "Smolej, Lukas"]
[Black "Kabelka, Ondrej"]
[Result "1-0"]
[WhiteElo "2014"]
[BlackElo "1785"]
[PlyCount "105"]
[EventDate "2014.05.06"]

1. d4 Nf6 2. Nc3 e6 3. Bg5 d5 4. e4 dxe4 5. Nxe4 Nbd7 6. Nf3 Be7 7. Bxf6 Nxf6
8. Bd3 O-O 9. Qe2 Nd5 10. O-O-O Nf4 11. Qd2 Nxd3+ 12. Qxd3 b6 13. h4 Qd5 14.
Kb1 Bb7 15. Ng3 c5 16. c4 Qd8 17. d5 exd5 18. cxd5 Rc8 19. Ng5 g6 20. N3e4 Bf6
21. Nxf6+ Qxf6 22. Ne4 Qf5 23. g4 Qe5 24. f4 Qxf4 25. Rhf1 Qe5 26. Nf6+ Kh8 27.
Nd7 Qd6 28. Qc3+ f6 29. Nxf8 Rxf8 30. g5 Bxd5 31. Rxf6 Rxf6 32. Qxf6+ Qxf6 33.
gxf6 Be4+ 34. Kc1 Kg8 35. Rd7 a5 36. Rg7+ Kf8 37. Rxh7 Bd5 38. a3 a4 39. Kd2
Bf7 40. Kd3 b5 41. Kc3 Kg8 42. Rg7+ Kf8 43. Kd3 b4 44. Ke3 Ke8 45. Rh7 c4 46.
Rh8+ Kd7 47. Ra8 b3 48. Kd4 Be6 49. Ra7+ Ke8 50. Rxa4 Kf8 51. Ke5 c3 52. Kxe6
Kg8 53. bxc3 1-0

[Event "Krajský pøebor jednotlivcù KHŠS 2014"]
[Site "Janske Lazne"]
[Date "2014.05.06"]
[Round "1.20"]
[White "Tsapanidis, Vasilis"]
[Black "Pycha, Patrik"]
[Result "0-1"]
[WhiteElo "1779"]
[BlackElo "2013"]
[PlyCount "104"]
[EventDate "2014.05.06"]

1. c4 Nf6 2. Nc3 e6 3. d4 d5 4. cxd5 exd5 5. h3 c6 6. Bg5 Be7 7. Nf3 Nbd7 8. e3
O-O 9. Be2 Re8 10. O-O Nf8 11. Re1 Ng6 12. Nh4 Nxh4 13. Bxh4 Ne4 14. Bxe7 Qxe7
15. Nxe4 dxe4 16. Bg4 Bxg4 17. Qxg4 Rad8 18. Rac1 Rd5 19. h4 Red8 20. g3 Kh8
21. Kg2 h5 22. Qe2 R8d6 23. Rc5 Rxc5 24. dxc5 Rd5 25. b4 Qd7 26. Rb1 g6 27. Rb2
Rd3 28. Rc2 Kg7 29. Rb2 Kf6 30. Rc2 Rd1 31. Rb2 Qd3 32. Rc2 Ke5 33. Rb2 Kd5 34.
Rc2 Qxe2 35. Rxe2 Kc4 36. a3 Rd3 37. f3 exf3+ 38. Kxf3 Rxa3 39. g4 hxg4+ 40.
Kxg4 Kxb4 41. h5 gxh5+ 42. Kxh5 Kxc5 43. Kg5 Kd5 44. Kf5 b5 45. Rd2+ Kc4 46.
Ke4 b4 47. Rd4+ Kc3 48. Rd3+ Kc2 49. Rd4 b3 50. Rc4+ Kd2 51. Kd4 b2 52. Rb4 Ra4
0-1

[Event "Krajský pøebor jednotlivcù KHŠS 2014"]
[Site "Janske Lazne"]
[Date "2014.05.06"]
[Round "1.21"]
[White "Chalupecky, Vladimir"]
[Black "Nosek, Jan"]
[Result "0-1"]
[WhiteElo "2006"]
[BlackElo "1770"]
[PlyCount "84"]
[EventDate "2014.05.06"]

1. e4 c5 2. Nf3 Nc6 3. d4 cxd4 4. Nxd4 g6 5. Nc3 Bg7 6. Be3 Nf6 7. f3 O-O 8.
Qd2 d5 9. Nxc6 bxc6 10. e5 Nd7 11. f4 Qa5 12. h4 Rb8 13. b3 f6 14. e6 Nc5 15.
Bxc5 Qxc5 16. Na4 Qd6 17. O-O-O Qa3+ 18. Kb1 Qxa4 19. f5 Qb4 20. Qf2 gxf5 21.
Rd4 Qd6 22. Bd3 Bxe6 23. Re1 Bd7 24. Ra4 e5 25. Rxa7 e4 26. Be2 Ra8 27. h5 Bh6
28. Qb6 Rxa7 29. Qxa7 Bf4 30. Rd1 Qc7 31. Qa6 Kh8 32. c4 Bc8 33. Qa3 Qd6 34.
Qb2 Be5 35. Qc1 d4 36. c5 Qc7 37. Bc4 Bf4 38. Qb2 d3 39. Qd4 Qe5 40. Qf2 e3 41.
Qf3 e2 42. Rh1 e1=Q+ 0-1

[Event "Krajský pøebor jednotlivcù KHŠS 2014"]
[Site "Janske Lazne"]
[Date "2014.05.06"]
[Round "1.22"]
[White "Svec, Ludek"]
[Black "Ptacek, Tomas"]
[Result "1/2-1/2"]
[WhiteElo "1749"]
[BlackElo "1996"]
[PlyCount "57"]
[EventDate "2014.05.06"]

1. Nf3 e6 2. c4 d5 3. g3 Nf6 4. Bg2 c6 5. O-O Nbd7 6. cxd5 exd5 7. d3 Bd6 8.
Nbd2 O-O 9. b3 Re8 10. Bb2 Nf8 11. Re1 Bg4 12. Qc2 N8d7 13. a3 a5 14. Qc3 Ne5
15. Nxe5 Bxe5 16. d4 Bd6 17. e4 dxe4 18. Nxe4 Nd5 19. Qd2 Bf8 20. Nc3 Be6 21.
Re2 Qd7 22. Na4 Bh3 23. Rae1 Bxg2 24. Kxg2 Rxe2 25. Rxe2 Nf6 26. Nb6 Qd8 27.
Nxa8 Qxa8 28. Qe3 Qd8 29. Qg5 1/2-1/2

[Event "Krajský pøebor jednotlivcù KHŠS 2014"]
[Site "Janske Lazne"]
[Date "2014.05.06"]
[Round "1.23"]
[White "Stradej, Vlastimil"]
[Black "Sadil, Jan"]
[Result "1-0"]
[WhiteElo "1993"]
[BlackElo "1723"]
[PlyCount "109"]
[EventDate "2014.05.06"]

1. d4 d5 2. Nf3 Nf6 3. e3 g6 4. Bd3 Bg7 5. Nbd2 O-O 6. O-O c6 7. c3 Nbd7 8. e4
dxe4 9. Nxe4 Nxe4 10. Bxe4 Nf6 11. Bc2 Bg4 12. h3 Bxf3 13. Qxf3 Re8 14. Re1 Nd5
15. Bg5 Qd7 16. Rad1 Rac8 17. Bb3 e6 18. Re2 a6 19. c4 Ne7 20. Bf6 Nf5 21. Bxg7
Kxg7 22. Qf4 Qd6 23. Qxd6 Nxd6 24. g4 b5 25. c5 Nb7 26. Bc2 f5 27. Rde1 Kf6 28.
Bb3 Nd8 29. a4 Rc7 30. axb5 axb5 31. Ra1 Nf7 32. f3 Rd7 33. Ra6 Nd8 34. Rd2
Ree7 35. Kf2 Ra7 36. Rxa7 Rxa7 37. Ke3 Ra1 38. Rd1 Rxd1 39. Bxd1 Nf7 40. f4 Nd8
41. g5+ Ke7 42. Kd3 Nb7 43. Kc3 Kf7 44. Kb4 Ke7 45. Bf3 Kd7 46. h4 Nd8 47. Ka5
Kc7 48. Ka6 Nf7 49. b4 Nd8 50. Bd1 Nf7 51. Bb3 Nd8 52. Ka7 Kd7 53. Kb6 Nf7 54.
Bd1 Nd8 55. Bf3 1-0

[Event "Krajský pøebor jednotlivcù KHŠS 2014"]
[Site "Janske Lazne"]
[Date "2014.05.06"]
[Round "1.24"]
[White "Mladek, Richard"]
[Black "Rusnak, Jan"]
[Result "0-1"]
[WhiteElo "1610"]
[BlackElo "1991"]
[PlyCount "76"]
[EventDate "2014.05.06"]

1. e4 Nf6 2. e5 Nd5 3. d4 d6 4. Nf3 g6 5. Be2 Bg7 6. O-O O-O 7. c4 Nb6 8. Nc3
Bg4 9. h3 Bxf3 10. Bxf3 Nc6 11. Bxc6 bxc6 12. exd6 cxd6 13. Qd3 e5 14. dxe5
dxe5 15. Qe4 Qd4 16. Qxc6 Qxc4 17. Qxc4 Nxc4 18. b3 e4 19. Bh6 Bxh6 20. bxc4
Rac8 21. Nxe4 Rxc4 22. Rfe1 Rc2 23. a4 Bg7 24. Rad1 Ra2 25. Rd7 Rxa4 26. Nc5
Rc4 27. Nb3 Rb4 28. Na5 Ra4 29. Nc6 a5 30. Ra7 Ra2 31. Rc1 a4 32. g3 Re8 33.
Nb4 Rxf2 34. Rxa4 Rd2 35. Nc6 Bh6 36. Ra3 Ree2 37. Rf3 Rg2+ 38. Kf1 Rh2 0-1

[Event "Krajský pøebor jednotlivcù KHŠS 2014"]
[Site "Janske Lazne"]
[Date "2014.05.06"]
[Round "1.25"]
[White "Matejovsky, Ondrej"]
[Black "Tobiskova, Petra"]
[Result "0-1"]
[WhiteElo "1988"]
[BlackElo "1591"]
[PlyCount "120"]
[EventDate "2014.05.06"]

1. e4 e5 2. Nf3 Nf6 3. Nc3 Bb4 4. Nxe5 O-O 5. Be2 Re8 6. Nf3 Bxc3 7. dxc3 Nxe4
8. O-O d5 9. Re1 c6 10. c4 Be6 11. Bd3 f5 12. cxd5 cxd5 13. Bb5 Rf8 14. Ng5
Nxg5 15. Bxg5 Qb6 16. Qe2 Bf7 17. Be3 Qc7 18. Bd4 Nc6 19. Bxc6 bxc6 20. Be5 Qb6
21. Qd3 Bg6 22. Qc3 Qb7 23. f4 Rfe8 24. Re3 Re7 25. Rae1 Re6 26. Qd4 Re7 27.
Rb3 Qd7 28. Ree3 Rc8 29. Rec3 Be8 30. Rc5 Re6 31. Ra5 Ra8 32. Rba3 Re7 33. Qc5
Bh5 34. Ra6 Be8 35. Rxc6 Rxe5 36. Rd6 Re1+ 37. Kf2 Qe7 38. Qxd5+ Kh8 39. Qd2
Re4 40. g3 Bh5 41. g4 Bxg4 42. Kg3 h5 43. h4 Re8 44. Rd7 Qc5 45. Qf2 Re3+ 46.
Rxe3 Qxe3+ 47. Qxe3 Rxe3+ 48. Kf2 Re2+ 49. Kf1 Rxc2 50. Rxa7 Rxb2 51. a4 Rb4
52. Kf2 Rxf4+ 53. Ke3 Rf3+ 54. Kd4 Bh3 55. a5 Rf4+ 56. Kc5 Rxh4 57. a6 Bg2 58.
Rf7 Rf4 59. a7 h4 60. Rf8+ Kh7 0-1

[Event "Krajský pøebor jednotlivcù KHŠS 2014"]
[Site "Janske Lazne"]
[Date "2014.05.07"]
[Round "2.1"]
[White "Safarik, Jakub"]
[Black "Vojta, Tomas"]
[Result "1/2-1/2"]
[WhiteElo "2112"]
[BlackElo "2361"]
[PlyCount "71"]
[EventDate "2014.05.06"]

1. Nf3 Nc6 2. g3 e5 3. d3 g6 4. Bg2 Bg7 5. c4 d6 6. Nc3 f5 7. Rb1 Nf6 8. Qc2
O-O 9. b4 h6 10. e3 Be6 11. Nd2 Rb8 12. b5 Ne7 13. Nb3 Qd7 14. f4 b6 15. a4 Bf7
16. Na2 exf4 17. exf4 c5 18. bxc6 Nxc6 19. O-O Rfe8 20. h3 Re7 21. Bd2 Nh5 22.
Kh2 Rbe8 23. Rfe1 Nd4 24. Nxd4 Bxd4 25. Rxe7 Rxe7 26. Bc3 Bxc3 27. Nxc3 Re3 28.
Nd5 Bxd5 29. Bxd5+ Kh7 30. Qf2 Qe7 31. Bf3 Rxd3 32. Re1 Qg7 33. Re6 Qc3 34.
Bxh5 gxh5 35. Qe2 Rd2 36. Re7+ 1/2-1/2